Loading...
| Literature - American Literature | 2 | 4 | 0 | 1 | 70 | 47 | 72.83 | 3 | 5 |
| Literature - British Literature | 2 | 3 | 1 | 2 | 55 | 64 | 100.20 | 1 | 4 |
| Literature - World Literature | 2 | 2 | 1 | 0 | 45 | 58 | 77.50 | 1 | 3 |
| Literature - European Literature | 2 | 2 | 1 | 2 | 45 | 43 | 77.75 | 1 | 3 |
| History - World History | 2 | 0 | 0 | 0 | 30 | 51 | 58.00 | 1 | 2 |
| History - European History | 1 | 1 | 0 | 0 | 25 | 51 | 66.50 | 1 | 2 |
| Mythology | 1 | 1 | 0 | 1 | 25 | 61 | 84.00 | 1 | 2 |
| Fine Arts - Visual Fine Arts | 1 | 2 | 2 | 0 | 25 | 58 | 78.67 | 1 | 2 |
| Religion | 0 | 2 | 0 | 1 | 20 | 91 | 111.50 | 1 | 2 |
| Pop Culture | 0 | 2 | 0 | 0 | 20 | 99 | 105.50 | 1 | 2 |
| Fine Arts - Other Fine Arts | 1 | 1 | 2 | 0 | 15 | 42 | 72.00 | 2 | 2 |
| Philosophy | 1 | 0 | 0 | 0 | 15 | 73 | 73.00 | 0 | 1 |
| Science - Chemistry | 1 | 0 | 0 | 0 | 15 | 65 | 65.00 | 0 | 1 |
| History - American History | 0 | 1 | 0 | 1 | 10 | 141 | 141.00 | 0 | 1 |
| Geography | 0 | 1 | 0 | 0 | 10 | 93 | 93.00 | 0 | 1 |
| Science - Other Science | 0 | 1 | 0 | 0 | 10 | 77 | 77.00 | 0 | 1 |
| History - Other History | 0 | 1 | 0 | 0 | 10 | 69 | 69.00 | 1 | 1 |
| Social Science | 0 | 1 | 1 | 1 | 5 | 118 | 118.00 | 0 | 1 |
| Science - Physics | 1 | 0 | 2 | 0 | 5 | 47 | 47.00 | 0 | 1 |